000 00542nam a22001817a 4500
003 NUST
005 20260311143025.0
008 260311b ||||| |||| 00| 0 eng d
020 _a 978-4431543343
082 _a954.035
_bSHA
100 _a Shoichiro Fukao, Kyosuke Hamazu.
_9133646
245 _aRadar for Meteorological and Atmospheric Observations /
_cShoichiro Fukao, Kyosuke Hamazu.
250 _a2014th Edition.
260 _aSwitzerland:
_bSpringer,
_c2013.
300 _a537 p ;
_c30 cm
563 _aHardcover
942 _2ddc
_cBK
999 _c616606
_d616606